logo

Bir Sreshtho Munshi Abdur Rouf Library
Jhenaidah Cadet College

Wolf Dog Valley / (Record no. 6829)

MARC details
000 -LEADER
fixed length control field 00651nam a22002532i 4500
001 - CONTROL NUMBER
JCCL Control Number 6829
003 - CONTROL NUMBER IDENTIFIER
JCCL marc code UkOxU
005 - DATE AND TIME OF LATEST TRANSACTION
control field 20180304174958.0
008 - FIXED-LENGTH DATA ELEMENTS--GENERAL INFORMATION
fixed length control field 860101s1958 xxk j 000 0 eng d
035 ## - SYSTEM CONTROL NUMBER
system control number OCLC ocm30246618 from D950829M
040 ## - CATALOGING SOURCE
Original cataloging agency UKM
Transcribing agency UKM
Modifying agency EQO
041 ## - LANGUAGE CODE
Language code of Book eng
082 ## - DEWEY DECIMAL CLASSIFICATION NUMBER
Classification number 823.91
082 ## - DEWEY DECIMAL CLASSIFICATION NUMBER
Classification number 823.912
DDC Edition number 18
Author mark and Year GIL 1983
100 1# - MAIN ENTRY--PERSONAL NAME
Personal name Gilbert, Kenneth,
Dates associated with a name 1889-1973.
245 10 - TITLE STATEMENT
Title Wolf Dog Valley /
Statement of responsibility, etc Kenneth Gilbert,
260 ## - PUBLICATION, DISTRIBUTION, ETC. (IMPRINT)
Place of publication, distribution, etc Collins,
Date of publication, distribution, etc 1958
300 ## - PHYSICAL DESCRIPTION
Pagination 188 p. :
Other physical details ill. ;
Dimensions 19 cm
490 1# - SERIES STATEMENT
Series statement Seagull library
650 ## - SUBJECT ADDED ENTRY--TOPICAL TERM
Topical term or geographic name as entry element Detective and mystery stories
830 #0 - SERIES ADDED ENTRY--UNIFORM TITLE
Uniform title Seagull library
942 ## - ADDED ENTRY ELEMENTS (KOHA)
Source of classification or shelving scheme Dewey Decimal Classification
Koha item type Books
Holdings
Source of classification or shelving scheme Damaged status Not for loan Home library Current library Shelving location Total Checkouts Full call number Barcode Date last seen Copy number Koha item type
Dewey Decimal Classification     JCC Rouf Library JCC Rouf Library General Stacks   823.91 GIL 1958 9385 01/30/2018 C - 1 Books

JCC Library | Contacts | JCC Home

Last Update on 23 September 2017
Copyright @ 2017-2020 JCC Rouf Library
Rouf Library, Jhenidah Cadet College (JCC), Bangladesh